<?xml version="1.0" encoding="UTF-8"?>
<record
    xmlns:xsi="http://www.w3.org/2001/XMLSchema-instance"
    xsi:schemaLocation="http://www.loc.gov/MARC21/slim http://www.loc.gov/standards/marcxml/schema/MARC21slim.xsd"
    xmlns="http://www.loc.gov/MARC21/slim">

  <leader>00376nam a22001697a 4500</leader>
  <controlfield tag="005">20160903150543.0</controlfield>
  <controlfield tag="008">160903b        xxu||||| |||| 00| 0 eng d</controlfield>
  <datafield tag="020" ind1=" " ind2=" ">
    <subfield code="a">978-81-204-1746-5</subfield>
  </datafield>
  <datafield tag="041" ind1=" " ind2=" ">
    <subfield code="a">eng</subfield>
  </datafield>
  <datafield tag="082" ind1=" " ind2=" ">
    <subfield code="b">20937</subfield>
  </datafield>
  <datafield tag="100" ind1=" " ind2=" ">
    <subfield code="a">SINGH,R.S</subfield>
    <subfield code="9">3467</subfield>
  </datafield>
  <datafield tag="245" ind1=" " ind2=" ">
    <subfield code="a">PLANT DISEASES</subfield>
  </datafield>
  <datafield tag="260" ind1=" " ind2=" ">
    <subfield code="b">OXFORD</subfield>
    <subfield code="c">2015</subfield>
  </datafield>
  <datafield tag="300" ind1=" " ind2=" ">
    <subfield code="a">691</subfield>
  </datafield>
  <datafield tag="650" ind1=" " ind2=" ">
    <subfield code="a">AGRICULTURE</subfield>
    <subfield code="9">2837</subfield>
  </datafield>
  <datafield tag="942" ind1=" " ind2=" ">
    <subfield code="c">BK</subfield>
  </datafield>
  <datafield tag="999" ind1=" " ind2=" ">
    <subfield code="c">5172</subfield>
    <subfield code="d">5170</subfield>
  </datafield>
  <datafield tag="952" ind1=" " ind2=" ">
    <subfield code="0">0</subfield>
    <subfield code="1">0</subfield>
    <subfield code="4">0</subfield>
    <subfield code="7">0</subfield>
    <subfield code="8">REF</subfield>
    <subfield code="a">JRU</subfield>
    <subfield code="b">JRU</subfield>
    <subfield code="c">SHELF-2-B</subfield>
    <subfield code="d">2016-09-03</subfield>
    <subfield code="e">PURCHASE</subfield>
    <subfield code="g">575.00</subfield>
    <subfield code="l">2</subfield>
    <subfield code="o">632</subfield>
    <subfield code="p">20937</subfield>
    <subfield code="r">2019-06-07 00:00:00</subfield>
    <subfield code="s">2019-06-03</subfield>
    <subfield code="w">2016-09-03</subfield>
    <subfield code="y">BK</subfield>
  </datafield>
  <datafield tag="952" ind1=" " ind2=" ">
    <subfield code="0">0</subfield>
    <subfield code="1">0</subfield>
    <subfield code="4">0</subfield>
    <subfield code="7">0</subfield>
    <subfield code="8">AGRICULTURE</subfield>
    <subfield code="a">JRU</subfield>
    <subfield code="b">JRU</subfield>
    <subfield code="c">SHELF-46-G</subfield>
    <subfield code="d">2016-09-03</subfield>
    <subfield code="e">PURCHASE</subfield>
    <subfield code="g">575.00</subfield>
    <subfield code="l">16</subfield>
    <subfield code="m">2</subfield>
    <subfield code="o">20937</subfield>
    <subfield code="p">20938</subfield>
    <subfield code="r">2026-02-13 09:51:46</subfield>
    <subfield code="s">2026-02-03</subfield>
    <subfield code="t">3</subfield>
    <subfield code="w">2016-09-03</subfield>
    <subfield code="y">BK</subfield>
  </datafield>
  <datafield tag="952" ind1=" " ind2=" ">
    <subfield code="0">0</subfield>
    <subfield code="1">0</subfield>
    <subfield code="4">0</subfield>
    <subfield code="7">0</subfield>
    <subfield code="8">AGRICULTURE</subfield>
    <subfield code="a">JRU</subfield>
    <subfield code="b">JRU</subfield>
    <subfield code="c">SHELF-46-G</subfield>
    <subfield code="d">2016-09-03</subfield>
    <subfield code="e">PURCHASE</subfield>
    <subfield code="g">575.00</subfield>
    <subfield code="l">18</subfield>
    <subfield code="m">1</subfield>
    <subfield code="o">20937</subfield>
    <subfield code="p">20939</subfield>
    <subfield code="r">2026-02-13 04:47:08</subfield>
    <subfield code="s">2026-02-03</subfield>
    <subfield code="t">3</subfield>
    <subfield code="w">2016-09-03</subfield>
    <subfield code="y">BK</subfield>
  </datafield>
</record>
